Mirror neurons and the evolution of brain and language (Record no. 7818)
[ view plain ]
| 000 -LEADER | |
|---|---|
| fixed length control field | 01702nam a22003974a 4500 |
| 001 - CONTROL NUMBER | |
| control field | ebr10023487 |
| 003 - CONTROL NUMBER IDENTIFIER | |
| control field | CaPaEBR |
| 006 - FIXED-LENGTH DATA ELEMENTS--ADDITIONAL MATERIAL CHARACTERISTICS--GENERAL INFORMATION | |
| fixed length control field | m u |
| 007 - PHYSICAL DESCRIPTION FIXED FIELD--GENERAL INFORMATION | |
| fixed length control field | cr cn||||||||| |
| 008 - FIXED-LENGTH DATA ELEMENTS--GENERAL INFORMATION | |
| fixed length control field | 020528s2002 ne a sb 101 0 eng |
| 010 ## - LIBRARY OF CONGRESS CONTROL NUMBER | |
| Canceled/invalid LC control number | 2002074572 |
| 020 ## - INTERNATIONAL STANDARD BOOK NUMBER | |
| Cancelled/invalid ISBN | 158811242X (US) (hbk. : alk. paper) |
| Cancelled/invalid ISBN | 9027251665 (Eur.) |
| Cancelled/invalid ISBN | 1588112152 (US) (pbk. : alk. paper) |
| Cancelled/invalid ISBN | 9027251622 (Eur.) |
| 040 ## - CATALOGING SOURCE | |
| Original cataloging agency | CaPaEBR |
| Transcribing agency | CaPaEBR |
| 035 ## - SYSTEM CONTROL NUMBER | |
| System control number | (OCoLC)70765113 |
| 050 14 - LIBRARY OF CONGRESS CALL NUMBER | |
| Classification number | QP363.3 |
| Item number | .M57 2002eb |
| 082 04 - DEWEY DECIMAL CLASSIFICATION NUMBER | |
| Classification number | 153 |
| Edition number | 21 |
| 245 00 - TITLE STATEMENT | |
| Title | Mirror neurons and the evolution of brain and language |
| Medium | [electronic resource] / |
| Statement of responsibility, etc | edited by Maxim I. Stamenov, Vittorio Gallese. |
| 260 ## - PUBLICATION, DISTRIBUTION, ETC. (IMPRINT) | |
| Place of publication, distribution, etc | Amsterdam ; |
| -- | Philadelphia, Pa. : |
| Name of publisher, distributor, etc | John Benjamins Pub., |
| Date of publication, distribution, etc | c2002. |
| 300 ## - PHYSICAL DESCRIPTION | |
| Extent | vii, 390 p. : |
| Other physical details | ill. |
| 490 1# - SERIES STATEMENT | |
| Series statement | Advances in consciousness research, |
| International Standard Serial Number | 1381-589X ; |
| Volume number/sequential designation | 42 |
| 500 ## - GENERAL NOTE | |
| General note | Selected contributions to the symposium on "Mirror neurons and the evolution of brain and language" held on July 5-8, 2000 in Delmenhorst, Germany. |
| 504 ## - BIBLIOGRAPHY, ETC. NOTE | |
| Bibliography, etc | Includes bibliographical references and indexes. |
| 533 ## - REPRODUCTION NOTE | |
| Type of reproduction | Electronic reproduction. |
| Place of reproduction | Palo Alto, Calif. : |
| Agency responsible for reproduction | ebrary, |
| Date of reproduction | 2013. |
| Note about reproduction | Available via World Wide Web. |
| -- | Access may be limited to ebrary affiliated libraries. |
| 650 #0 - SUBJECT ADDED ENTRY--TOPICAL TERM | |
| Topical term or geographic name as entry element | Neural circuitry. |
| Topical term or geographic name as entry element | Brain |
| General subdivision | Evolution. |
| Topical term or geographic name as entry element | Language and languages. |
| 655 #7 - INDEX TERM--GENRE/FORM | |
| Genre/form data or focus term | Electronic books. |
| Source of term | local |
| 700 1# - ADDED ENTRY--PERSONAL NAME | |
| Personal name | Stamenov, Maksim. |
| Personal name | Gallese, Vittorio. |
| 710 2# - ADDED ENTRY--CORPORATE NAME | |
| Corporate name or jurisdiction name as entry element | ebrary, Inc. |
| 830 #0 - SERIES ADDED ENTRY--UNIFORM TITLE | |
| Uniform title | Advances in consciousness research ; |
| Volume number/sequential designation | v. 42. |
| 856 40 - ELECTRONIC LOCATION AND ACCESS | |
| Uniform Resource Identifier | <a href="http://site.ebrary.com/lib/rucke/Doc?id=10023487">http://site.ebrary.com/lib/rucke/Doc?id=10023487</a> |
| Public note | An electronic book accessible through the World Wide Web; click to view |
No items available.
